Halifax house price index national index (Record no. 105956)

MARC details
000 -LEADER
fixed length control field 01035cam a2200217 4500
001 - CONTROL NUMBER
control field ##L135228
008 - FIXED-LENGTH DATA ELEMENTS--GENERAL INFORMATION
fixed length control field 061005n2006 000 0 eng u
035 ## - SYSTEM CONTROL NUMBER
System control number (Sirsi) u135228
041 0# - LANGUAGE CODE
Language code of text/sound track or separate title eng
050 04 - LIBRARY OF CONGRESS CALL NUMBER
Classification number 333.33 $2 18
110 2# - MAIN ENTRY--CORPORATE NAME
Corporate name or jurisdiction name as entry element HBOS plc
9 (RLIN) 4703
245 00 - TITLE STATEMENT
Title Halifax house price index national index
Remainder of title July 2006
260 ## - PUBLICATION, DISTRIBUTION, ETC.
Place of publication, distribution, etc. London
Name of publisher, distributor, etc. HBOS
Date of publication, distribution, etc. 2006
490 #0 - SERIES STATEMENT
Series statement Halifax House Price Index
Volume/sequential designation July 2006
520 ## - SUMMARY, ETC.
Summary, etc. House prices increased by 0.2% in July following successive declines in May and June. Annual house inflation is now 8.8%. The Halifax forecast for house price growth in 2006 is increased from 3% to 5%, well below the long-term average of 8%. The standardised average house price (seasonally adjusted) stands at £177 020.
650 24 - SUBJECT ADDED ENTRY--TOPICAL TERM
Topical term or geographic name entry element HALIFAX HOUSE PRICE INDEX
651 #4 - SUBJECT ADDED ENTRY--GEOGRAPHIC NAME
Geographic name United Kingdom
Chronological subdivision
690 ## - LOCAL SUBJECT ADDED ENTRY--TOPICAL TERM (OCLC, RLIN)
Topical term or geographic name as entry element PROPERTY-RESIDENTIAL PROPERTY-RESIDENTIAL PROPERTY MARKET
856 40 - ELECTRONIC LOCATION AND ACCESS
Uniform Resource Identifier <a href="https://www.hbosplc.com/economy/housingresearch.asp">https://www.hbosplc.com/economy/housingresearch.asp</a>
Public note View the national index free of charge at www.hbosplc.com...
942 ## - ADDED ENTRY ELEMENTS (KOHA)
Suppress in OPAC 0
Holdings
Withdrawn status Lost status Source of classification or shelving scheme Damaged status Not for loan Home library Current library Shelving location Date acquired Total Checkouts Full call number Barcode Date last seen Copy number Price effective from Koha item type
    Dewey Decimal Classification     Virtual Virtual Online 05/10/2006   ONLINE PUBLICATION 135228-2001 06/08/2019 1 06/08/2019 Book